Le favori du cardinal Albani (Record no. 170843)

MARC details
000 -LEADER
campo de control de longitud fija 01005nam a2200253 i 4500
001 - NÚMERO DE CONTROL
campo de control 170843
003 - IDENTIFICADOR DE NÚMERO DE CONTROL
campo de control ES-MaACL
005 - FECHA Y HORA DE LA ÚLTIMA TRANSACCIÓN
campo de control 20230906214456.0
007 - CAMPO FIJO DE DESCRIPCIÓN FÍSICA--INFORMACIÓN GENERAL
campo de control de longitud fija t|
008 - DATOS DE LONGITUD FIJA--INFORMACIÓN GENERAL
campo de control de longitud fija 090408s1929 fr |||| | fre d
080 ## - NÚMERO DE LA CLASIFICACIÓN DECIMAL UNIVERSAL
Número de la Clasificación Decimal Universal 929 Winckelmann, Johann Joachim
080 ## - NÚMERO DE LA CLASIFICACIÓN DECIMAL UNIVERSAL
Número de la Clasificación Decimal Universal 902
100 1# - ENTRADA PRINCIPAL--NOMBRE DE PERSONA
Nombre de persona Bac, Ferdinand.
9 (RLIN) 24428
245 13 - MENCIÓN DEL TÍTULO
Título Le favori du cardinal Albani
Resto del título : (Jean-Joachim Winckelmann), "le Père de l'Archéologie", 1717-1768 /
Mención de responsabilidad, etc. Ferdinand Bac.
260 ## - PUBLICACIÓN, DISTRIBUCIÓN, ETC.
Lugar de publicación, distribución, etc. Paris :
Nombre del editor, distribuidor, etc. Louis Conard,
Fecha de publicación, distribución, etc. 1929.
300 ## - DESCRIPCIÓN FÍSICA
Extensión 350 p. ;
Dimensiones 19 cm.
505 8# - NOTA DE CONTENIDO CON FORMATO
Nota de contenido con formato Incluye: La dernière vestale : Angélica Kauffmann, une disciple de Winckelmann, 1740-1806.
600 14 - PUNTO DE ACCESO ADICIONAL DE MATERIA--NOMBRE DE PERSONA
Nombre de persona Winckelmann, Johann Joachim.
9 (RLIN) 117058
600 14 - PUNTO DE ACCESO ADICIONAL DE MATERIA--NOMBRE DE PERSONA
Nombre de persona Albani, Alessandro.
9 (RLIN) 139762
600 14 - PUNTO DE ACCESO ADICIONAL DE MATERIA--NOMBRE DE PERSONA
Nombre de persona Kauffmann, Angelica.
9 (RLIN) 139763
650 04 - PUNTO DE ACCESO ADICIONAL DE MATERIA--TÉRMINO DE MATERIA
Término de materia o nombre geográfico como elemento de entrada Arqueología-
Subdivisión de forma Historia.
9 (RLIN) 9978
740 32 - ENTRADA AGREGADA--TÍTULO RELACIONADO/ANALÍTICO NO CONTROLADO
Título relacionado o analítico no controlado La dernière vestale : Angélica Kauffmann, une disciple de Winckelmann, 1740-1806.
852 4# - LOCALIZACIÓN
Ubicación ES-MaACL
Número de control de estantería E-12551
itemnumber R.140153
Nota libre . - Biblioteca Jacinto Martínez Lacalle
Holdings
Estatus retirado Estado de pérdida Estado de daño No para préstamo Biblioteca de origen Biblioteca actual Ubicación en estantería Fecha de adquisición Fuente de adquisición Total de préstamos Signatura topográfica completa Código de barras Visto por última vez Precio de reemplazo Tipo de ítem Koha
        Biblioteca del Ateneo de Madrid Biblioteca del Ateneo de Madrid Depósito 2 08/04/2009     E-12551 1179299 23/02/2023 23/02/2023 Libro impreso